All 40 Home Run Hitters in Los Angeles Dodgers History - Statistics

General Stats
  • This quiz has been taken 182 times
    120 since last reset
  • The average score is 5 of 9
Answer Stats
Years Player % Correct
2024, 2025 Shohei Ohtani
94%
1953, 1954, 1955, 1956, 1957 Duke Snider
78%
2019 Cody Bellinger
66%
1953 Roy Campanella
58%
1997 Mike Piazza
57%
2001, 2002 Shawn Green
51%
2004 Adrián Beltré
49%
1951, 1954 Gil Hodges
46%
2000 Gary Sheffield
35%
No matching quizzes found
Score Distribution
Percent of People with Each Score
Percentile by Number Answered
Your Score History
You have not taken this quiz since the last reset